| 000 | 00672nam a2200241 a 4500 | ||
|---|---|---|---|
| 008 | |||
| 020 | _a0582045649 (pbk.) | ||
| 049 | _aMAIN | ||
| 090 |
_aTA710 _bWHI |
||
| 100 | 1 | _aWhitlow, R. | |
| 245 | 1 | 0 |
_aBasic soil mechanics / _cR. Whitlow. |
| 250 | _a2nd ed. | ||
| 260 |
_aEngland : _bLongman Scientific & Technical, _c1990. |
||
| 300 |
_axvi, 528 p. : _bill. ; _c24 cm. |
||
| 504 | _aIncludes bibliographical references. | ||
| 500 | _aIncludes index. | ||
| 650 | 0 | _aSoil mechanics. | |
| 907 |
_a.b10026447 _b20-07-12 _c17-04-03 |
||
| 003 | |||
| 005 | 20230123125402.0 | ||
| 040 | _cNUST | ||
| 942 |
_cBOOKS _kTA710 _mWHI |
||
| 999 |
_c140608 _d140608 |
||